| 000 | 00502nam a2200145 4500 | ||
|---|---|---|---|
| 999 |
_c10155 _d10155 |
||
| 008 | 180803b ||||| |||| 00| 0 eng d | ||
| 022 | _a2094-8042 | ||
| 082 | _aDPer 370.105 M72 June 2010-Mar 2011 v. 59 n. 1-10 | ||
| 100 |
_929974 _aNicolas, Autelia T. |
||
| 245 |
_aBequeathal & acceptance of the key of responsibilty/ _cAutelia T. Nicolas. |
||
| 260 |
_aPhilippines; _bIn The Grade School, Inc., _cc2010-2011. |
||
| 300 |
_av59 n10, page 402; _c27cm. |
||
| 650 | 0 |
_929975 _aSpeech. |
|
| 942 |
_2ddc _cPER |
||